[Event "10. University wch masculino"]
[Site "Novokuznetsk RUS"]
[Date "2008.03.04"]
[Round "2.16"]
[White "Viela, Marco"]
[Black "Bilegt, Batkhorol"]
[Result "0-1"]
[WhiteElo "2161"]
[BlackElo "2211"]
[PlyCount "82"]
[EventDate "2008.03.03"]
[EventType "swiss"]
[EventRounds "9"]
[EventCountry "RUS"]
[Source "lmi"]
[SourceDate "2008.03.03"]

1. e4 c5 2. c3 d6 3. d4 cxd4 4. cxd4 Nf6 5. Nc3 e6 6. Nf3 Nc6 7. Be2 d5 8. e5
Ne4 9. O-O Nxc3 10. bxc3 Na5 11. Bg5 Qc7 12. Bd3 Bd7 13. Qe2 Rc8 14. Rab1 a6
15. Qe3 Ba3 16. Bh4 h6 17. Qf4 Qxc3 18. Be2 Qc2 19. Rfe1 O-O 20. Rbd1 Bb5 21.
Bxb5 axb5 22. Rb1 Qc6 23. Bf6 Rfe8 24. Qg4 Bf8 25. Nd2 Qc2 26. Nf3 b4 27. Rxb4
Qg6 28. Qxg6 fxg6 29. Rb5 gxf6 30. exf6 Bd6 31. Rd1 Ra8 32. Ne5 Bxe5 33. dxe5
Rec8 34. g3 Rc2 35. a4 Ra7 36. Rdb1 Ra6 37. Re1 b6 38. Rd1 Nc4 39. Rbxd5 exd5
40. e6 Rd2 41. Re1 Ra8 0-1

[Event "10. University wch masculino"]
[Site "Novokuznetsk RUS"]
[Date "2008.03.05"]
[Round "3.2"]
[White "Smirnov, Pavel"]
[Black "Lysyj, Igor"]
[Result "1/2-1/2"]
[WhiteElo "2599"]
[BlackElo "2593"]
[PlyCount "32"]
[EventDate "2008.03.03"]
[EventType "swiss"]
[EventRounds "9"]
[EventCountry "RUS"]
[Source "lmi"]
[SourceDate "2008.03.03"]

1. e4 e6 2. d4 d5 3. Nc3 Nf6 4. e5 Nfd7 5. f4 c5 6. Nf3 Nc6 7. Be3 Be7 8. Be2
O-O 9. O-O a6 10. Kh1 b5 11. a3 Bb7 12. Qe1 cxd4 13. Nxd4 Nxd4 14. Bxd4 Bc5 15.
Bxc5 Nxc5 16. Rd1 Qc7 1/2-1/2

[Event "10. University wch masculino"]
[Site "Novokuznetsk RUS"]
[Date "2008.03.05"]
[Round "3.3"]
[White "Hindermann, Felix"]
[Black "Moosavian, S.Hamed"]
[Result "0-1"]
[WhiteElo "2307"]
[BlackElo "2349"]
[PlyCount "128"]
[EventDate "2008.03.03"]
[EventType "swiss"]
[EventRounds "9"]
[EventCountry "RUS"]
[Source "lmi"]
[SourceDate "2008.03.03"]

1. b3 c5 2. Bb2 d5 3. e3 Nc6 4. Bb5 a6 5. Bxc6+ bxc6 6. f4 f6 7. Nf3 Nh6 8. Qe2
Qc7 9. d3 e6 10. Nbd2 Bd6 11. h3 Nf5 12. Rg1 d4 13. Nc4 dxe3 14. g3 O-O 15.
Nxe3 Nxe3 16. Qxe3 e5 17. fxe5 fxe5 18. O-O-O Bxh3 19. Rde1 Rae8 20. Ng5 Bf5
21. Ne4 Bxe4 22. Qxe4 h6 23. Re2 Kh8 24. Kb1 Qd7 25. Rge1 Bc7 26. Bc3 Re7 27.
Kb2 Rfe8 28. Qc4 e4 29. Re3 exd3 30. Rxd3 Qf5 31. Rxe7 Rxe7 32. Qxa6 Re2 33.
Rd8+ Bxd8 34. Qxe2 Qg6 35. Qd3 Qxd3 36. cxd3 Bc7 37. Be1 h5 38. Kc2 g5 39. Kd2
Kg7 40. Ke3 Kf6 41. Ke4 Ke6 42. a4 Bd8 43. Bf2 Bc7 44. Be1 Bd8 45. Bf2 Kd6 46.
Kf5 Kd5 47. Be3 h4 48. gxh4 gxh4 49. Kg4 Bf6 50. Bf2 Bc3 51. Kxh4 Bb4 52. Kg4
Ke5 53. Be3 Kd5 54. Kf5 Bc3 55. Kg6 Kd6 56. Kf7 Bb4 57. Ke8 Kc7 58. Ke7 c4+ 59.
Ke6 cxb3 60. Bd4 Ba3 61. Be5+ Kb7 62. Kd7 b2 63. Bxb2 Bxb2 64. a5 c5 0-1

[Event "10. University wch masculino"]
[Site "Novokuznetsk RUS"]
[Date "2008.03.05"]
[Round "3.4"]
[White "Filippov, Anton"]
[Black "Gundavaa, Bayarsaihan"]
[Result "0-1"]
[WhiteElo "2502"]
[BlackElo "2320"]
[PlyCount "71"]
[EventDate "2008.03.03"]
[EventType "swiss"]
[EventRounds "9"]
[EventCountry "RUS"]
[Source "lmi"]
[SourceDate "2008.03.03"]

1. e4 c5 2. Nf3 d6 3. d4 cxd4 4. Nxd4 Nf6 5. Nc3 a6 6. Be3 e5 7. Nb3 Be7 8. f3
Be6 9. Qd2 O-O 10. O-O-O Nbd7 11. g4 b5 12. Rg1 b4 13. Nd5 Bxd5 14. exd5 a5 15.
g5 Nh5 16. Kb1 a4 17. Nc1 Rb8 18. Rg4 Nf4 19. Bxf4 exf4 20. h4 a3 21. b3 Ne5
22. Rxf4 f6 23. gxf6 Bxf6 24. h5 Qc7 25. Ne2 Qc5 26. Ng3 Be7 27. Ne4 Qb6 28.
Rxf8+ Rxf8 29. f4 Nf3 30. Qc1 Bf6 31. Nxf6+ Rxf6 32. Bh3 Qf2 33. Be6+ Kh8 34.
f5 Nd4 35. Qd2 Qxd2 36. Rxd2 0-1

[Event "10. University wch masculino"]
[Site "Novokuznetsk RUS"]
[Date "2008.03.05"]
[Round "3.6"]
[White "Alavi, Sayed Javad"]
[Black "Van Assendelft, Floris"]
[Result "1-0"]
[WhiteElo "2461"]
[BlackElo "2282"]
[PlyCount "131"]
[EventDate "2008.03.03"]
[EventType "swiss"]
[EventRounds "9"]
[EventCountry "RUS"]
[Source "lmi"]
[SourceDate "2008.03.03"]

1. e4 c5 2. Nf3 d6 3. d4 Nf6 4. Nc3 cxd4 5. Nxd4 a6 6. Be2 e6 7. O-O Be7 8. f4
Qc7 9. Kh1 Nc6 10. Be3 O-O 11. Qe1 Rb8 12. Qg3 Kh8 13. Rad1 Nd7 14. a4 Bf6 15.
f5 Nxd4 16. Bxd4 Ne5 17. Be3 Qe7 18. Rd2 b6 19. Rfd1 Rd8 20. Bd4 Re8 21. Be3
Rd8 22. Qf2 Qc7 23. Qg3 Qe7 24. Qf4 h6 25. Qf2 Bh4 26. Qf1 Bg5 27. Bxg5 Qxg5
28. fxe6 Bxe6 29. Rxd6 Rxd6 30. Rxd6 Qh4 31. Rd4 Kh7 32. Nd1 Qe7 33. Bxa6 Qc5
34. c3 Nc6 35. Rd2 Qe5 36. Ne3 g6 37. Qf3 Na5 38. Qg3 Qxg3 39. hxg3 Nb3 40. Rd1
Nc5 41. Bb5 Nxe4 42. Kh2 Kg7 43. Rd4 f5 44. Bc4 Re8 45. Bb5 Re7 46. g4 Kf6 47.
gxf5 gxf5 48. Nd5+ Bxd5 49. Rxd5 Nf2 50. Bd3 Ng4+ 51. Kg3 Ne5 52. Kf4 Ng6+ 53.
Kg3 Ne5 54. Be2 Kg5 55. Kf2 Ng6 56. Rd6 Nf4 57. Bb5 Re5 58. Rxb6 Rd5 59. g3 Ng6
60. Be2 h5 61. Rb5 Rd8 62. a5 Rf8 63. a6 Ne7 64. Bf3 Nc8 65. Rb8 Rd8 66. Rxc8
1-0

[Event "10. University wch masculino"]
[Site "Novokuznetsk RUS"]
[Date "2008.03.05"]
[Round "3.8"]
[White "Zhumabayev, Rinat"]
[Black "Noroozi, Omid"]
[Result "1-0"]
[WhiteElo "2436"]
[BlackElo "2222"]
[PlyCount "107"]
[EventDate "2008.03.03"]
[EventType "swiss"]
[EventRounds "9"]
[EventCountry "RUS"]
[Source "lmi"]
[SourceDate "2008.03.03"]

1. d4 d5 2. Nf3 e6 3. c4 c6 4. e3 Nf6 5. Nbd2 Nbd7 6. b3 Bd6 7. Bb2 Qe7 8. Ne5
Ba3 9. Bxa3 Qxa3 10. Qc1 Qa5 11. Nef3 O-O 12. Be2 dxc4 13. Qxc4 Ne4 14. b4 Nxd2
15. bxa5 Nxc4 16. Bxc4 Re8 17. O-O e5 18. Rfc1 exd4 19. exd4 Nf8 20. Rab1 Re7
21. Rb3 Bf5 22. Ne5 Be6 23. a6 Bxc4 24. axb7 Rb8 25. Rxc4 f6 26. Nd3 Rexb7 27.
Rxb7 Rxb7 28. g3 Ne6 29. Nb4 Kf8 30. Nxc6 Rc7 31. d5 Nd8 32. Na5 Rd7 33. Rc5
Ke7 34. Rb5 Rc7 35. Nb3 Kd6 36. Ra5 g6 37. Kg2 Ke5 38. Nc5 Kd4 39. Ne6+ Nxe6
40. dxe6 Ke4 41. Ra6 Ke5 42. Kf3 h5 43. Ke3 Rc3+ 44. Kd2 Rc7 45. f4+ Kf5 46.
Ke3 Re7 47. Kf3 Rc7 48. h3 Rc3+ 49. Kf2 Rc7 50. Ke3 Rc1 51. Kd4 Re1 52. Kd5
Rd1+ 53. Kc5 Re1 54. g4+ 1-0

[Event "10. University wch masculino"]
[Site "Novokuznetsk RUS"]
[Date "2008.03.05"]
[Round "3.9"]
[White "Bilegt, Batkhorol"]
[Black "Batchuluun, Cegmed"]
[Result "1/2-1/2"]
[WhiteElo "2211"]
[BlackElo "2432"]
[PlyCount "159"]
[EventDate "2008.03.03"]
[EventType "swiss"]
[EventRounds "9"]
[EventCountry "RUS"]
[Source "lmi"]
[SourceDate "2008.03.03"]

1. e4 e5 2. Nf3 Nc6 3. d4 exd4 4. Bc4 Bc5 5. c3 d3 6. O-O d6 7. Qxd3 Nf6 8. a4
a5 9. Nbd2 O-O 10. Nb3 Bb6 11. Nbd4 Ne5 12. Nxe5 dxe5 13. Nf3 Qxd3 14. Bxd3 Re8
15. Bg5 Nd7 16. h3 f6 17. Bc4+ Kf8 18. Bc1 Nc5 19. Re1 Be6 20. Nd2 Rad8 21.
Bxe6 Rxe6 22. Nc4 Nd3 23. Re2 Rc6 24. b3 Ke8 25. Ba3 Nf4 26. Ree1 Rd3 27. Rac1
Rg3 28. Kh1 Rxg2 29. Rg1 Rxg1+ 30. Rxg1 g6 31. Rf1 Nxh3 32. Kg2 Nf4+ 33. Kf3 h5
34. Rh1 Kf7 35. Rd1 Ke8 36. Rh1 g5 37. Bc1 g4+ 38. Kg3 Ne2+ 39. Kg2 h4 40. Bd2
h3+ 41. Kf1 Nf4 42. Bxf4 exf4 43. f3 f5 44. exf5 g3 45. Rxh3 Rc5 46. Rh6 Ba7
47. Re6+ Kf8 48. Re5 Rxe5 49. Nxe5 Kg7 50. Ng4 Bc5 51. Ne5 b6 52. Nd3 Be3 53.
c4 Kf6 54. Kg2 Kxf5 55. Kh3 Ke6 56. Kg2 Kd6 57. Kh3 Kc6 58. Kg2 b5 59. Kh3 Bd2
60. Kg2 Kb6 61. Kh3 Kc6 62. Kg2 Kd6 63. Kh3 Be3 64. Kg2 Ke6 65. Kh3 Kf5 66. Kg2
Kg5 67. Kh3 Kf6 68. Kg2 Kf5 69. Kh3 Kg5 70. Kg2 bxa4 71. bxa4 Kh4 72. Ne5 Kg5
73. Nd3 Kf5 74. Kh3 Bd4 75. Kg2 Bc3 76. Kh3 Bd2 77. Kg2 Ke6 78. Kh3 Kd6 79. Kg2
Kc6 80. Kh3 1/2-1/2

[Event "10. University wch masculino"]
[Site "Novokuznetsk RUS"]
[Date "2008.03.05"]
[Round "3.10"]
[White "Kojima, Shinya"]
[Black "Kuderinov, Kirill"]
[Result "0-1"]
[WhiteElo "2205"]
[BlackElo "2416"]
[PlyCount "60"]
[EventDate "2008.03.03"]
[EventType "swiss"]
[EventRounds "9"]
[EventCountry "RUS"]
[Source "lmi"]
[SourceDate "2008.03.03"]

1. Nf3 c5 2. c4 Nf6 3. Nc3 Nc6 4. d4 cxd4 5. Nxd4 d6 6. e4 e5 7. Nc2 Be7 8. Be2
O-O 9. O-O Be6 10. Be3 Rc8 11. Qd2 Ng4 12. Bxg4 Bxg4 13. Nd5 Re8 14. Rac1 Bf8
15. b4 Ne7 16. Na3 Qd7 17. Bxa7 Nxd5 18. exd5 Qa4 19. Nb5 Bd7 20. Be3 Bxb5 21.
cxb5 Qxb5 22. a3 Be7 23. f4 e4 24. f5 Bf6 25. Bf4 Qb6+ 26. Be3 Qa6 27. Rxc8
Rxc8 28. Rc1 Re8 29. Bf4 Qxa3 30. Bxd6 Bd4+ 0-1

[Event "10. University wch masculino"]
[Site "Novokuznetsk RUS"]
[Date "2008.03.05"]
[Round "3.11"]
[White "Pokazanjev, Nikolai"]
[Black "Akhanov, Dauren"]
[Result "1-0"]
[WhiteElo "2405"]
[BlackElo "2135"]
[PlyCount "50"]
[EventDate "2008.03.03"]
[EventType "swiss"]
[EventRounds "9"]
[EventCountry "RUS"]
[Source "lmi"]
[SourceDate "2008.03.03"]

1. e4 c5 2. Nf3 e6 3. d4 cxd4 4. Nxd4 a6 5. Bd3 Nc6 6. Nxc6 dxc6 7. Nd2 e5 8.
Nc4 Nf6 9. Be3 Be6 10. Qf3 Bb4+ 11. Kf1 Ng4 12. Bb6 Qe7 13. h3 Bc5 14. b4 Bxb6
15. Nxb6 Rd8 16. hxg4 Qxb4 17. Qe3 Rd4 18. Rc1 Qb2 19. g3 O-O 20. Kg2 Bxa2 21.
c3 Rxd3 22. Qxd3 Qxb6 23. c4 Rd8 24. Qc3 Qd4 25. Qc2 Qb6 1-0

[Event "10. University wch masculino"]
[Site "Novokuznetsk RUS"]
[Date "2008.03.05"]
[Round "3.13"]
[White "Yurkov, P."]
[Black "Zhou, Jianchao"]
[Result "1/2-1/2"]
[WhiteElo "2332"]
[BlackElo "2551"]
[PlyCount "117"]
[EventDate "2008.03.03"]
[EventType "swiss"]
[EventRounds "9"]
[EventCountry "RUS"]
[Source "lmi"]
[SourceDate "2008.03.03"]

1. d4 Nf6 2. c4 g6 3. Nc3 d5 4. Nf3 Bg7 5. Bg5 Ne4 6. cxd5 Nxg5 7. Nxg5 e6 8.
Nf3 exd5 9. e3 a5 10. Bd3 O-O 11. O-O c6 12. a3 Qd6 13. Na4 Nd7 14. Qc2 Re8 15.
Rfb1 b6 16. Rd1 Bb7 17. Rac1 Rec8 18. Qd2 c5 19. Nc3 c4 20. Bb1 f5 21. a4 Nf6
22. Ne5 Ne4 23. Bxe4 fxe4 24. Rf1 Bxe5 25. dxe5 Qxe5 26. Rcd1 Rc5 27. Qd4 Re8
28. Qxe5 Rxe5 29. Rd2 Bc6 30. Ra1 Kf7 31. g3 Bd7 32. Rad1 Bg4 33. Ra1 Ke7 34.
Rd4 Bf3 35. Rc1 Ke6 36. Rc2 Rc7 37. Rcd2 Rd7 38. Nb5 Rf7 39. Rc2 Rff5 40. Rdd2
Rh5 41. b3 cxb3 42. Nd4+ Kd7 43. Rb2 Rh3 44. Rxb3 Reh5 45. Nxf3 exf3 46. e4
Rxh2 47. Rxd5+ Rxd5 48. exd5 Rh5 49. Rxb6 Rxd5 50. Rb7+ Ke6 51. Rxh7 Rd4 52.
Kh2 Rxa4 53. Kh3 Ra2 54. Ra7 Ra4 55. g4 Kf6 56. Ra6+ Kg5 57. Kg3 Rxg4+ 58. Kxf3
Rf4+ 59. Kg3 1/2-1/2

[Event "10. University wch masculino"]
[Site "Novokuznetsk RUS"]
[Date "2008.03.05"]
[Round "3.15"]
[White "Otte, Marijn"]
[Black "Viela, Marco"]
[Result "1-0"]
[WhiteElo "2192"]
[BlackElo "2161"]
[PlyCount "83"]
[EventDate "2008.03.03"]
[EventType "swiss"]
[EventRounds "9"]
[EventCountry "RUS"]
[Source "lmi"]
[SourceDate "2008.03.03"]

1. e4 e5 2. Bc4 Nf6 3. d3 c6 4. Nf3 d5 5. Bb3 Bg4 6. h3 Bxf3 7. Qxf3 Be7 8. O-O
O-O 9. exd5 Nxd5 10. Re1 Bf6 11. Nd2 Na6 12. Ne4 Nac7 13. Bd2 Be7 14. Rad1 Ne6
15. c3 Kh8 16. Ng3 Bf6 17. Nh5 Ndf4 18. d4 Nxh5 19. dxe5 Bg5 20. Be3 Qe7 21.
Bxe6 Bxe3 22. Rxe3 Qxe6 23. Qxh5 Qxa2 24. Qe2 Rad8 25. Red3 Rxd3 26. Rxd3 Qe6
27. Qe3 a6 28. Rd6 Qf5 29. b4 h6 30. f4 Re8 31. g4 Qb1+ 32. Kg2 Qa2+ 33. Kg3
Qc4 34. f5 h5 35. e6 hxg4 36. hxg4 Qf1 37. e7 Rxe7 38. Qxe7 Qg1+ 39. Kf4 Qf1+
40. Kg5 Qc1+ 41. Kh5 f6 42. Qe8+ 1-0

[Event "10. University wch masculino"]
[Site "Novokuznetsk RUS"]
[Date "2008.03.05"]
[Round "3.16"]
[White "Widmer, Simon"]
[Black "Wyss, Jonas"]
[Result "1-0"]
[WhiteElo "2176"]
[BlackElo "2181"]
[PlyCount "101"]
[EventDate "2008.03.03"]
[EventType "swiss"]
[EventRounds "9"]
[EventCountry "RUS"]
[Source "lmi"]
[SourceDate "2008.03.03"]

1. e4 c5 2. Nf3 d6 3. d4 cxd4 4. Nxd4 Nf6 5. Nc3 a6 6. Bc4 e6 7. Bb3 b5 8. O-O
Be7 9. Qf3 Qb6 10. Be3 Qb7 11. Qg3 b4 12. Na4 Nbd7 13. f3 O-O 14. Rfd1 Ne5 15.
Ne2 Bd7 16. Nb6 Rab8 17. Rac1 Bc6 18. Nd4 Qxb6 19. Nf5 exf5 20. Bxb6 Rxb6 21.
exf5 a5 22. Re1 Bd8 23. a4 bxa3 24. bxa3 a4 25. f4 Nh5 26. Qf2 Ng4 27. Qe2 Ngf6
28. Bc4 Nxf4 29. Qd2 Nxg2 30. Qxd6 Bd5 31. Qe5 Bxc4 32. Kxg2 Rb5 33. Qf4 Bd5+
34. Kh3 Bb7 35. Rb1 Rxb1 36. Rxb1 Bc6 37. Rb8 Bd7 38. Qd6 Re8 39. c4 h5 40. c5
Kh7 41. c6 Bxf5+ 42. Kg2 Re2+ 43. Kf1 Be7 44. Qd4 Rc2 45. Qe5 Bd3+ 46. Ke1 Bc5
47. c7 Ng4 48. Qxh5+ Nh6 49. c8=Q Bf2+ 50. Kd1 Rxc8 51. Rxc8 1-0

[Event "10. University wch masculino"]
[Site "Novokuznetsk RUS"]
[Date "2008.03.06"]
[Round "4.2"]
[White "Liang, Chong"]
[Black "Smirnov, Pavel"]
[Result "0-1"]
[WhiteElo "2488"]
[BlackElo "2599"]
[PlyCount "152"]
[EventDate "2008.03.03"]
[EventType "swiss"]
[EventRounds "9"]
[EventCountry "RUS"]
[Source "lmi"]
[SourceDate "2008.03.03"]

1. d4 d5 2. c4 e6 3. Nc3 c6 4. cxd5 exd5 5. Nf3 Nf6 6. Bg5 h6 7. Bh4 Bf5 8. e3
Nbd7 9. Bd3 Bxd3 10. Qxd3 Bd6 11. O-O O-O 12. Rab1 a5 13. e4 dxe4 14. Nxe4 Be7
15. Rfe1 Nxe4 16. Bxe7 Qxe7 17. Rxe4 Qd6 18. Ne5 Nf6 19. Nc4 Qc7 20. Re5 Rad8
21. Rd1 Ng4 22. Rh5 Rfe8 23. g3 g6 24. Rh4 h5 25. Ne3 Nf6 26. Rf4 Qe7 27. h4
Rd6 28. a3 Red8 29. Qc3 b6 30. Qb3 b5 31. a4 b4 32. Nc4 Re6 33. Nxa5 c5 34. Kg2
Qa7 35. d5 Nxd5 36. Rf3 Qa8 37. Nc4 Rde8 38. Kh2 Nf6 39. Kg2 Ng4 40. Nd6 c4 41.
Nxc4 Rf6 42. Nb6 Ne3+ 43. Qxe3 Rxe3 44. Nxa8 Rexf3 45. Rd2 R3f5 46. Nc7 b3 47.
Nb5 Rc5 48. Nc3 Rb6 49. Rd3 Rb4 50. Kf1 Kf8 51. Re3 f6 52. Rf3 Kg7 53. Rd3 Kf7
54. Re3 g5 55. hxg5 fxg5 56. Rd3 h4 57. Kg2 Ke6 58. Nb5 Ke5 59. Re3+ Kf6 60.
Nc3 Kf5 61. Rd3 Kg6 62. Re3 Rd4 63. Nb5 Rd2 64. gxh4 Rcc2 65. hxg5 Rxf2+ 66.
Kg3 Rg2+ 67. Kf3 Rcf2+ 68. Ke4 Rg4+ 69. Kd5 Rxb2 70. a5 Rd2+ 71. Kc5 Rc2+ 72.
Kd6 Rb4 73. Na3 Ra2 74. Kc5 Rb8 75. Re6+ Kxg5 76. Nc4 b2 0-1

[Event "10. University wch masculino"]
[Site "Novokuznetsk RUS"]
[Date "2008.03.06"]
[Round "4.4"]
[White "Gundavaa, Bayarsaihan"]
[Black "Alavi, Sayed Javad"]
[Result "1-0"]
[WhiteElo "2320"]
[BlackElo "2461"]
[PlyCount "79"]
[EventDate "2008.03.03"]
[EventType "swiss"]
[EventRounds "9"]
[EventCountry "RUS"]
[Source "lmi"]
[SourceDate "2008.03.03"]

1. Nf3 d5 2. d4 Nf6 3. c4 dxc4 4. e3 e6 5. Bxc4 c5 6. O-O a6 7. dxc5 Bxc5 8.
Qxd8+ Kxd8 9. a3 Ke7 10. b4 Bd6 11. Bb2 b6 12. Nbd2 Bb7 13. Be2 Nbd7 14. Nc4
Bc7 15. Rfc1 Rhc8 16. Nd4 Nd5 17. g3 b5 18. Nd2 N5b6 19. N4b3 e5 20. Na5 Bd5
21. e4 Be6 22. Rc2 Bd6 23. Rac1 Rxc2 24. Rxc2 Rc8 25. Rxc8 Nxc8 26. Nc6+ Ke8
27. f4 exf4 28. e5 Bc7 29. gxf4 Ncb6 30. Kf2 Bd5 31. Bf3 f6 32. Bxd5 Nxd5 33.
Kf3 Ne7 34. Nxe7 Kxe7 35. Ke4 g6 36. Kd5 Bb8 37. h3 h6 38. Bd4 g5 39. e6 Bxf4
40. exd7 1-0

[Event "10. University wch masculino"]
[Site "Novokuznetsk RUS"]
[Date "2008.03.06"]
[Round "4.5"]
[White "Vuilleumier, Alexandre"]
[Black "Zhumabayev, Rinat"]
[Result "0-1"]
[WhiteElo "2285"]
[BlackElo "2436"]
[PlyCount "72"]
[EventDate "2008.03.03"]
[EventType "swiss"]
[EventRounds "9"]
[EventCountry "RUS"]
[Source "lmi"]
[SourceDate "2008.03.03"]

1. e4 c5 2. Nf3 d6 3. d4 cxd4 4. Nxd4 Nf6 5. Nc3 Nc6 6. Bg5 e6 7. Qd2 Qb6 8.
Bxf6 gxf6 9. Nb3 a6 10. O-O-O Qc7 11. Kb1 h5 12. f4 b5 13. Bd3 Bd7 14. Rhf1 Qb6
15. Rf3 b4 16. Ne2 a5 17. Qe1 a4 18. Nd2 Na5 19. Nc4 Nxc4 20. Bxc4 Rc8 21. b3
h4 22. f5 e5 23. Nc1 Rg8 24. Qxh4 Rxg2 25. Qh5 Rxc4 26. bxc4 Bc6 27. Qh3 Rg7
28. Re3 Qc5 29. Ne2 Rh7 30. Qf3 Rxh2 31. a3 Qxc4 32. axb4 Bh6 33. Rc3 Qxb4+ 34.
Ka1 Rxe2 35. Rxc6 Re3 36. Rcxd6 Qxd6 0-1

[Event "10. University wch masculino"]
[Site "Novokuznetsk RUS"]
[Date "2008.03.06"]
[Round "4.6"]
[White "Kuderinov, Kirill"]
[Black "Pokazanjev, Nikolai"]
[Result "1-0"]
[WhiteElo "2416"]
[BlackElo "2405"]
[PlyCount "101"]
[EventDate "2008.03.03"]
[EventType "swiss"]
[EventRounds "9"]
[EventCountry "RUS"]
[Source "lmi"]
[SourceDate "2008.03.03"]

1. e4 e5 2. Nf3 Nc6 3. Bc4 Nf6 4. d3 h6 5. Nc3 d6 6. h3 Na5 7. Bb3 Nxb3 8. axb3
c5 9. O-O g5 10. Nh2 Rg8 11. Nd5 Nxd5 12. exd5 Bf5 13. Re1 Be7 14. Ng4 Bg6 15.
Nxh6 Rh8 16. Ng4 f5 17. Ne3 Kf7 18. f3 Kg7 19. Bd2 Bf6 20. b4 cxb4 21. Bxb4 Qb6
22. Ba5 Qc5 23. c3 f4 24. d4 exd4 25. Bb4 Qxb4 26. Nf5+ Bxf5 27. cxb4 Rhe8 28.
Qd2 Re3 29. b5 Rae8 30. Qb4 d3 31. Kf1 Re2 32. Rxe2 Rxe2 33. Rd1 Rxb2 34. Qc4
Rc2 35. Qa4 Kg6 36. Qxa7 Kh5 37. Kg1 d2 38. Kh2 Bc3 39. Qb8 Bd4 40. g4+ fxg3+
41. Kxg3 Be5+ 42. Kf2 Bf4 43. Qe8+ Kh6 44. Qf7 Bd3 45. Qf6+ Kh7 46. Qd4 Bg6 47.
Ke2 Rc8 48. h4 Re8+ 49. Kf2 Re1 50. Rxd2 Be5 51. Kxe1 1-0

[Event "10. University wch masculino"]
[Site "Novokuznetsk RUS"]
[Date "2008.03.06"]
[Round "4.7"]
[White "Hindermann, Felix"]
[Black "Filippov, Anton"]
[Result "0-1"]
[WhiteElo "2307"]
[BlackElo "2502"]
[PlyCount "78"]
[EventDate "2008.03.03"]
[EventType "swiss"]
[EventRounds "9"]
[EventCountry "RUS"]
[Source "lmi"]
[SourceDate "2008.03.03"]

1. e4 e5 2. Nf3 Nc6 3. Nc3 Nf6 4. Bb5 Bd6 5. d3 a6 6. Bxc6 dxc6 7. Ne2 Nd7 8.
O-O c5 9. Nd2 O-O 10. Nc4 Nb8 11. f4 exf4 12. Bxf4 Bxf4 13. Rxf4 Nc6 14. Qd2
Nd4 15. Ne3 Qg5 16. Raf1 Be6 17. Ng3 Rad8 18. Qf2 b6 19. Kh1 Qe5 20. b3 f6 21.
Ng4 Qg5 22. Ne3 Qe5 23. Ng4 Bxg4 24. Rxg4 b5 25. Nf5 Rd7 26. Ne3 Rdf7 27. Nf5
Rd7 28. Ne3 Rdf7 29. Nf5 Kh8 30. h3 c6 31. Qd2 Rd7 32. Ne3 Re8 33. Qc3 Kg8 34.
Qd2 Kh8 35. Qc3 g6 36. Re1 Rg7 37. Qd2 h5 38. Rh4 Qg3 39. Ng4 Qxh4 0-1

[Event "10. University wch masculino"]
[Site "Novokuznetsk RUS"]
[Date "2008.03.06"]
[Round "4.9"]
[White "Batchuluun, Cegmed"]
[Black "Van Eijk, Sander"]
[Result "1/2-1/2"]
[WhiteElo "2432"]
[BlackElo "2283"]
[PlyCount "70"]
[EventDate "2008.03.03"]
[EventType "swiss"]
[EventRounds "9"]
[EventCountry "RUS"]
[Source "lmi"]
[SourceDate "2008.03.03"]

1. d4 Nf6 2. c4 e6 3. g3 c5 4. d5 exd5 5. cxd5 b5 6. e4 Nxe4 7. Qe2 Qe7 8. Bg2
Nd6 9. Be3 Na6 10. Nc3 Rb8 11. a4 Nf5 12. d6 Nxd6 13. Nd5 Qe5 14. f4 Qe6 15.
axb5 Bb7 16. Rxa6 Bxd5 17. Nf3 Bc4 18. Ng5 Bxe2 19. Nxe6 fxe6 20. Kxe2 Nxb5 21.
Rc1 Kf7 22. Bxc5 Bxc5 23. Rxc5 Rhc8 24. Rxc8 Rxc8 25. Be4 Rc7 26. Ke3 Ke7 27.
Bxh7 Nd6 28. Bd3 Rb7 29. Ra2 Nf5+ 30. Bxf5 exf5 31. Kd4 Ke6 32. Kc3 Rc7+ 33.
Kd3 Rb7 34. Kc4 Rc7+ 35. Kd3 Rb7 1/2-1/2

[Event "10. University wch masculino"]
[Site "Novokuznetsk RUS"]
[Date "2008.03.06"]
[Round "4.11"]
[White "Zhou, Jianchao"]
[Black "Otte, Marijn"]
[Result "1-0"]
[WhiteElo "2551"]
[BlackElo "2192"]
[PlyCount "91"]
[EventDate "2008.03.03"]
[EventType "swiss"]
[EventRounds "9"]
[EventCountry "RUS"]
[Source "lmi"]
[SourceDate "2008.03.03"]

1. d4 Nf6 2. c4 c5 3. d5 e5 4. Nc3 d6 5. e4 Be7 6. Nf3 Nbd7 7. g3 Nf8 8. Bg2
Ng6 9. h4 h5 10. Ng5 Bg4 11. Qd3 Nh7 12. f3 Bd7 13. f4 Bg4 14. Nd1 Nf6 15. f5
Nf8 16. Nf2 N8h7 17. Bd2 Qd7 18. a3 a5 19. b3 Bd8 20. O-O Nxg5 21. Bxg5 Nh7 22.
Bd2 g5 23. fxg6 fxg6 24. Nxg4 hxg4 25. a4 Nf6 26. Bg5 O-O 27. Ra2 Nh7 28. Rxf8+
Kxf8 29. Rf2+ Kg8 30. Bd2 b6 31. Qe3 Bf6 32. Bf1 Bg7 33. Be2 Rf8 34. Rh2 Rf7
35. h5 g5 36. h6 Bf8 37. Rh5 Be7 38. Bc1 Bd8 39. Qd3 Rf8 40. Rh2 Rf6 41. Qd1
Qf7 42. Bxg4 Qf8 43. Bf5 Rxh6 44. Rf2 Rf6 45. Qh5 Qf7 46. Be6 1-0

[Event "10. University wch masculino"]
[Site "Novokuznetsk RUS"]
[Date "2008.03.06"]
[Round "4.12"]
[White "Castro, Francisco"]
[Black "Yurkov, P."]
[Result "0-1"]
[WhiteElo "2152"]
[BlackElo "2332"]
[PlyCount "104"]
[EventDate "2008.03.03"]
[EventType "swiss"]
[EventRounds "9"]
[EventCountry "RUS"]
[Source "lmi"]
[SourceDate "2008.03.03"]

1. e4 c5 2. Nf3 Nc6 3. d4 cxd4 4. Nxd4 e5 5. Nb5 a6 6. Nd6+ Bxd6 7. Qxd6 Qf6 8.
Qd1 Qg6 9. f3 Nge7 10. Nc3 O-O 11. Be3 d6 12. Qd2 b5 13. O-O-O Rd8 14. h4 h5
15. Bb6 Rd7 16. g4 Rb8 17. Be3 Rd8 18. gxh5 Qxh5 19. Be2 b4 20. Na4 Qh7 21. Bb6
Rd7 22. Bf1 d5 23. Bh3 f5 24. exf5 Rdb7 25. Qg5 Bxf5 26. Bxf5 Qxf5 27. Qxf5
Nxf5 28. Rxd5 Rxb6 29. Nxb6 Rxb6 30. c3 Kf7 31. h5 Ke6 32. Rd2 bxc3 33. bxc3
Nce7 34. Rg2 Kf7 35. Re1 Rb5 36. Rb2 Rc5 37. Kd2 Nd6 38. Rb4 a5 39. Rg4 Kf6 40.
Reg1 Ndf5 41. Kd3 Rd5+ 42. Ke2 Rb5 43. Kd3 Rd5+ 44. Ke2 Rd8 45. Rc4 Nd5 46.
Rc6+ Kf7 47. Rb1 Nf4+ 48. Kf1 Rd2 49. Rb7+ Kg8 50. Rb5 Ne3+ 51. Kg1 Nh3+ 52.
Kh1 Nf1 0-1

[Event "10. University wch masculino"]
[Site "Novokuznetsk RUS"]
[Date "2008.03.06"]
[Round "4.13"]
[White "Battulga, Namhai"]
[Black "Widmer, Simon"]
[Result "1-0"]
[WhiteElo "2306"]
[BlackElo "2176"]
[PlyCount "93"]
[EventDate "2008.03.03"]
[EventType "swiss"]
[EventRounds "9"]
[EventCountry "RUS"]
[Source "lmi"]
[SourceDate "2008.03.03"]

1. e4 c5 2. Nf3 Nc6 3. d4 cxd4 4. Nxd4 e5 5. Nb5 Nf6 6. N1c3 d6 7. Bg5 a6 8.
Na3 b5 9. Bxf6 gxf6 10. Nd5 Bg7 11. Bd3 Ne7 12. Nxe7 Qxe7 13. O-O O-O 14. c4 f5
15. Qf3 Re8 16. Rfe1 f4 17. cxb5 Qg5 18. h3 d5 19. exd5 f5 20. Bf1 e4 21. Qb3
f3 22. Kh1 Kh8 23. Nc4 Rg8 24. g3 Qg6 25. b6 f4 26. Qc2 Bf5 27. g4 Bxg4 28.
Qxe4 Bf5 29. Qxf3 Bxb2 30. Bg2 Bxa1 31. Rxa1 Rae8 32. Kh2 Qg7 33. Rg1 Be4 34.
Qg4 Qf6 35. Qh5 f3 36. Bf1 Qf4+ 37. Rg3 Rd8 38. Qe5+ Qxe5 39. Nxe5 Rxg3 40.
Nf7+ Kg7 41. Nxd8 Rg6 42. Ne6+ Kf6 43. b7 Rg8 44. Nc5 Ke7 45. Nxa6 Kd6 46. b8=N
Bxd5 47. a4 1-0